000 00309nam a22001337a 4500
008 180116b xxu||||| |||| 00| 0 eng d
020 _a0669014656
041 _aeng
080 _a330
100 _a52
101 _aEKO
245 _aBenefit-cost analysis: a practical guide
_cAnderson,L.G
942 _2udc
_cBK
999 _c40350
_d40350